| 000 | 00888nam a22001937a 4500 | ||
|---|---|---|---|
| 005 | 20240321123628.0 | ||
| 010 | _aHIN-127169 | ||
| 020 |
_a9789390674541 _c1150.00 |
||
| 035 | _aHN-99515 | ||
| 037 | _bDBAD/PUB. | ||
| 082 | _a305.5 | ||
| 100 |
_aउदय कुमार सिंह _963781 |
||
| 245 |
_aगाँधी जी के रचनात्मक कार्य/ _cउदय कुमार सिंह |
||
| 260 |
_aदिल्ली _bश्री पब्लिशर्स एंड डिस्ट्रीब्यूटर्स _c2022 |
||
| 270 |
_a22/4735 प्रकाश दीप बिल्डिंग अंसारी रोड दरियागंज _bनई दिल्ली _e110002 |
||
| 300 |
_a224 पृ; _c23 सेमी (सजिल्द) |
||
| 700 | _963631 | ||
| 942 |
_adpl _cHN _2ddc _h305.5 _mउदय |
||
| 999 |
_c201705 _d201705 |
||